Угломерный инструмент: общая теория измерения угловых (сферических) координат и погрешностей в соотношениях между осями; Научно-техническая конференция в связи с сорокалетним юбилеем учебно-научной деятельности института

Bibliographic Details
Parent link:Научно-техническая конференция в связи с сорокалетним юбилеем учебно-научной деятельности института.— 1940.— С. 92-93
Main Author: Масленников П. А.
Language:Russian
Published: 1940
Subjects:
Format: Book Chapter
KOHA link:https://koha.lib.tpu.ru/cgi-bin/koha/opac-detail.pl?biblionumber=177246

MARC

LEADER 00000naa2a2200000 4500
001 177246
005 20231031165608.0
035 |a (RuTPU)RU\TPU\book\192153 
035 |a RU\TPU\tpu\6838 
090 |a 177246 
100 |a 20100312d1940 k y0rusy50 ca 
101 0 |a rus 
102 |a RU 
200 1 |a Угломерный инструмент  |e общая теория измерения угловых (сферических) координат и погрешностей в соотношениях между осями  |f П. А. Масленников 
463 0 |0 (RuTPU)RU\TPU\book\191963  |t Научно-техническая конференция в связи с сорокалетним юбилеем учебно-научной деятельности института  |o тезисы докладов  |f Томский индустриальный институт (ТИИ) ; под ред. К. Н. Шмаргунова  |v С. 92-93  |d 1940  |p 184 с. 
610 1 |a машиностроение 
610 1 |a труды учёных ТПУ 
610 1 |a приборостроение 
610 1 |a резание 
610 1 |a металлы 
610 1 |a обработка 
700 1 |a Масленников  |b П. А. 
801 0 |a RU  |b 63413507  |c 20011210  |g PSBO 
801 2 |a RU  |b 63413507  |c 20180522  |g PSBO 
942 |c BK